000 00865nam a2200265 i 4500
001 C2-0301184
003 PPAK
005 20180728082533.0
008 091206s2009 my a|||| ||||| | may d
020 _a9789838614108
040 _aPPAK
_beng
_cPPAK
_erda
082 0 4 _a808.51
_223
090 0 0 _a808.51
_bGOH
_dR
100 1 _aGoh, Eric,
_eauthor
245 1 0 _aPembangunan Lestari Mineral Dan Alam Sekitar Bertaraf Dunia:
_bmanfaat ekonomi, kecemerlangan penyelidikan dan pembangunan strategik negara
264 1 _aPulau Pinang :
_bUniversiti Sains Malaysia Press ,
_c2009
300 _ax, 61 pages :
_billustrations ;
_c23 cm
336 _2rdacontent
_atext
337 _2rdamedia
_aunmediated
338 _2rdacarrier
_avolume
490 1 _asiri syarahan umum
650 1 0 _aSpeeches, addresses, etc.
830 0 _asiri syarahan umum
942 _ddc
_cB
999 _c104983
_d104983